00552nam a2200193 a 4500001001300000003000900013005001700022008004100039020001000080082001600090100003800106245003100144260005400175300000900229500003500238505002400273650002300297700003800320nice12345678IN_TiNIC20260116011803.0050524s1971 luca grp 000 0 ara  ac10000a492.78bNAD aNadwi Mohammadur Rabia Al, Hasani aManthurat Min Adab Il Arab aLucknowbMaktaba Darul Uloom Nadwatul Ulamac1971 a170p aincludes index and biblioraphy2 a3 Part Bound in One aArabic-Course Book1 aNadwi Mohammadur Rabia Al, Hasani